Flugzeugflotten Teil 25-Swiss - Statistiken

Allgemein
  • Dieses Quiz wurde 101 mal gespielt
  • Das Durchschnittsergebnis liegt bei 8 aus 10
Antwortstatistiken
Anzahl Flugzeugtyp % Korrekt
11 Airbus A320-200
93%
12 Boeing 777-300ER
90%
14 Airbus A330-300
89%
7 Airbus A320neo
88%
4 Airbus A340-300
85%
3 Airbus A321-200
83%
9 Airbus A220-100
82%
4 Airbus A321neo
81%
3 Airbus A321-100
76%
21 Airbus A220-300
75%
Keine übereinstimmenden Quizze gefunden
Verteilung der Resultate
Anzahl Personen mit jedem Resultat
Perzentil nach korrekt beantworteten Fragen
Ihre Resultats-Entwicklung
Sie haben dieses Quiz noch nicht gespielt